|
|
|
|
| LEADER |
01356nam a2200349 a 4500 |
| 001 |
EBC617300 |
| 003 |
MiAaPQ |
| 005 |
20200520144314.0 |
| 006 |
m o d | |
| 007 |
cr cn||||||||| |
| 008 |
971112s1998 njuab sb 001 0 eng |
| 010 |
|
|
|z 97048505
|
| 020 |
|
|
|z 0691058083 (cloth : alk. paper)
|
| 035 |
|
|
|a (MiAaPQ)EBC617300
|
| 035 |
|
|
|a (Au-PeEL)EBL617300
|
| 035 |
|
|
|a (CaPaEBR)ebr10035927
|
| 035 |
|
|
|a (CaONFJC)MIL275349
|
| 035 |
|
|
|a (OCoLC)705527038
|
| 040 |
|
|
|a MiAaPQ
|c MiAaPQ
|d MiAaPQ
|
| 050 |
|
4 |
|a T55.77.J3
|b T78 1998
|
| 082 |
0 |
4 |
|a 658/.00952/0904
|2 21
|
| 100 |
1 |
|
|a Tsutsui, William M.
|
| 245 |
1 |
0 |
|a Manufacturing ideology
|h [electronic resource] :
|b scientific management in twentieth-century Japan /
|c William M. Tsutsui.
|
| 260 |
|
|
|a Princeton, N.J. :
|b Princeton University Press,
|c c1998.
|
| 300 |
|
|
|a xi, 279 p. :
|b ill., map.
|
| 504 |
|
|
|a Includes bibliographical references (p. [245]-271) and index.
|
| 533 |
|
|
|a Electronic reproduction. Ann Arbor, MI : ProQuest, 2015. Available via World Wide Web. Access may be limited to ProQuest affiliated libraries.
|
| 650 |
|
0 |
|a Industrial engineering
|z Japan.
|
| 650 |
|
0 |
|a Industrial management
|z Japan.
|
| 655 |
|
4 |
|a Electronic books.
|
| 710 |
2 |
|
|a ProQuest (Firm)
|
| 856 |
4 |
0 |
|u https://ebookcentral.proquest.com/lib/matrademy/detail.action?docID=617300
|z Click to View
|